000 01697 a2200445 4500
020 _a1558284311
020 _a9781558284319
082 0 4 _a658.84
090 _c270
_d270
100 1 _aBlum, Adam.
245 1 0 _aBuilding business web sites /
_cAdam Blum.
260 _a[S.l.] :
_bMis Pr,
_c1995.
300 _a525 p. ;
_c24 cm.
500 _aPaperback.
520 _aEvery business in the U.S. is considering an online presence. This book for the business community explores online commerce and provides up-to-date information on how to create a Web site and securely conduct commerce.
650 4 _aApplications of Computing.
650 4 _aBusiness & Management.
650 4 _aComputer networking & communications.
650 4 _aManagement & management techniques.
650 4 _aUtilities & tools.
650 4 _aWeb programming.
650 4 _aComputer Networks.
650 4 _aUse Of Computers In Management (General)
650 4 _aBusiness & Economics.
650 4 _aComputer - Internet.
650 4 _aComputer Books And Software.
650 4 _aBusiness & Economics / Marketing / Multilevel.
650 4 _aCOMPUTERS / Internet / General.
650 4 _aInternet - General.
650 4 _aMarketing - Multilevel.
650 4 _aManagement - General.
650 4 _aBusiness enterprises.
650 4 _aCommunication systems.
650 4 _aWeb sites.
650 4 _aWorld Wide Web.
650 4 _aComputing: Professional & Programming.
856 4 0 _3Amazon.com
_uhttp://www.amazon.com/exec/obidos/ASIN/1558284311/chopaconline-20
856 4 0 _3Amazon customer reviews
_uhttp://www.chopac.org/cgi-bin/tools/azrev.pl?q=1558284311
942 _aNBS
_cBK
_k658.84 BLU
999 _c342840
_d342840